|
|
|
|
| LEADER |
00000cam a2200000 7i4500 |
| 001 |
0000027128 |
| 005 |
20090817.0 |
| 008 |
090817 |
| 020 |
|
|
|a 9673220489
|
| 090 |
0 |
0 |
|a 297.3824
|b MAR
|
| 100 |
1 |
|
|a Maruwiah Ahmat
|
| 245 |
1 |
0 |
|a Rahsia doa & zikir yang di makbulkan
|c Maruwiah Ahmat
|
| 260 |
|
|
|a Kuala Lumpur :
|b Synergy Media
|
| 500 |
|
|
|a Mengandungi ayat-ayat dari Al-Quran
|
| 650 |
|
0 |
|a Islam
|x prayers and devotions
|
| 650 |
|
0 |
|a Prayer
|x Islam
|
| 999 |
|
|
|a 0001058966
|b Book
|c Adult Collection
|e Perbadanan Perpustakaan Awam Johor
|
| 999 |
|
|
|a 0001058967
|b Book
|c Adult Collection
|e Perbadanan Perpustakaan Awam Johor
|
| 999 |
|
|
|a 0001058968
|b Book
|c Adult Collection
|e Perbadanan Perpustakaan Awam Johor
|
| 999 |
|
|
|a 0001059426
|b Book
|c Adult Collection
|e Perbadanan Perpustakaan Awam Johor
|
| 999 |
|
|
|a 0001064578
|b Book
|c Adult Collection
|e Cawangan Taman Sri Lambak
|